| 000 | 00827nam a2200217 i 4500 | ||
|---|---|---|---|
| 001 | 116794 | ||
| 003 | ES-MaACL | ||
| 005 | 20250801143536.0 | ||
| 007 | t| | ||
| 008 | 061121s1903 sp r ||||1| spa d | ||
| 100 | 1 |
_aOvejero y Maury, Eduardo, _d1871-1939? _988002 |
|
| 245 | 1 | 3 |
_aLa novela y el movimiento social: _b[memoria leída el 4 de febrero de 1903 en el Ateneo de Madrid] / _cpor Eduardo Ovejero y Maury. |
| 260 |
_aMadrid : _b[s.n.], _c1903 ( _fEstab. Tip. de la Viuda e Hijos de M. Tello) |
||
| 300 |
_a20 p. ; _c23 cm. |
||
| 594 | _aMemoria leída en el Ateneo de Madrid. | ||
| 610 | 2 | 4 |
_aAteneo de Madrid- _vConferencias- _y1900-1939 _91907 |
| 650 | 4 |
_aNovela- _yS.XIX- _xHistoria y crítica. _9167624 |
|
| 650 | 0 | 7 |
_aLiteratura y sociedad _2embne _914679 |
| 852 |
_aES-MaACL _jT-1013-F-9 |
||
| 999 |
_c116794 _d116794 |
||